00501cam a2200157 450000500170000000800410001702000150005805000220007310000270009524500680012225000110019026000540020130000210025550400280027665000390030420250709115108.0030923s2001 ag 000 0 spa u a950727323904aKHA5546bD66 20011 aDonna, Edgardo Alberto10aDelitos contra la integridad sexual c / Edgardo Alberto Donna. a2a ed. aBuenos Aires :bRubinzal-Culzoni Editores, c2001 a215 p. ;c23 cm. aIncluye bibliografías 72lembaDelitos sexuales zArgentina